000 00867nam a2200301Ia 4500
003 OSt
005 20221006154025.0
006 a|||||r|||| 00| 0
007 ta
008 221006b |||||||| |||| 00| 0 eng d
020 _a0415380650
024 _a34,195
037 _bGift, Korea Foundation
_cTextual
040 _aEASL
_cEASL
_beng
041 _2eng
_aeng
082 _aY:60aX.495, P6
100 _aChang Yun-Shik Ed.
_9665779
245 0 _aTranformations in twentieth century Korea
260 _aLondon
_bRoutledge
_c2006
300 _a380p.
_ccm.
490 _v KEL
650 _a Economy
_9662352
650 _a KEL
650 _aSocial change
700 _a Lee Steven Hugh Ed.
_9665785
942 _hY:60aX.495, P6
_cTEXL
_2CC
999 _c1102281
_d1102281